هل هناك أهمية للمؤسسات البحثية ؟ : (Record no. 7890)
[ view plain ]
| 000 -الفاتح | |
|---|---|
| حقل البيانات ثابتة الطول | 01401nac a22002411u 4500 |
| 008 - عناصر البيانات ثابتة الطول - معلومات عامة | |
| حقل البيانات ثابتة الطول | 080812s2007 xxu||||| |||| 00| 0 ara d |
| 020 ## - الرقم الدولى المعيارى للكتب | |
| الرقم الدولى المعيارى للكتاب | 9789948009054 |
| 020 ## - الرقم الدولى المعيارى للكتب | |
| الرقم الدولى المعيارى للكتاب | 9789948009061 |
| 020 ## - الرقم الدولى المعيارى للكتب | |
| الرقم الدولى المعيارى للكتاب | 9948009053 |
| 082 ## - رقم تصنيف ديوى العشرى | |
| رقم التصنيف | 607.2 |
| رقم المادة | أ ب ل |
| 100 1# - المدخل الرئيسى - إسم شخصى | |
| الإسم الشخصى | أبلسون ، دونالد |
| 9 (RLIN) | 88 |
| 110 ## - المدخل الرئيسى - إسم هيئة | |
| اسم الهيئة أو اسم السلطة كمدخل | مركز الإمارات للدراسات والبحوث الاستراتيجية |
| 9 (RLIN) | 90 |
| 245 ## - بيان العنوان | |
| العنوان | هل هناك أهمية للمؤسسات البحثية ؟ : |
| بقية العنوان | تقويم تأثير معاهد السياسة العامة / |
| بيان المسئوليه,etc | دونالد أبلسون ؛ ترجمة مركز الإمارات للدراسات والبحوث الاستراتيجية |
| 260 ## - PUBLICATION, DISTRIBUTION, ETC. (IMPRINT) | |
| مكان الناشر او الموزع | أبو ظبي : |
| اسم الناشر او الموزع | مركز الإمارات للدراسات والبحوث الاستراتيجية ، 2007 |
| تاريخ النشر أو التوزيع | 2007. |
| 300 ## - الوصف المادى | |
| التعداد | 325 ص ؛ |
| أبعاد الوعاء | 24 سم. |
| 490 ## - بيان السلسلة | |
| -- | 89 |
| عنوان السلسلة | ؛ دراسات مترجمة |
| -- | 26 |
| 500 ## - تبصرة عامة | |
| تبصرة عامة | هذا الكتاب ترجمة "Donald E. Abelson, Do Think Tanks Matter? Assessing the Impact of policy Institutes, published by McGill- Queen's University Press, Montreal & Kingston. London. Ithaca, 2002. " |
| 504 ## - تبصرة ببليوجرافية | |
| تبصرة ببليوجرافية,الخ | يشتمل على إرجاعات ببليوجرافية وفهارس |
| 511 ## - | |
| -- | Catalogued by: Sara |
| 650 ## - المدخل الاضافى بالموضوع-مصطلح موضوعى | |
| مصطلح موضوعي أو اسم جغرافي كعنصر مدخل | معاهد البحوث |
| 9 (RLIN) | 21460 |
| 710 ## - المدخل الاضافى - اسم هيئه | |
| اسم الهيئة أو اسم السلطة كمدخل | مركز الإمارات للدراسات والبحوث الاستراتيجية |
| 9 (RLIN) | 90 |
| 942 ## - عناصر المدخل الإضافي( كوها) | |
| Koha [default] item type | Book - Borrowing |
| سابقة رقم الطلب | 607.2 أ ب ل |
| مصدر التصنيف او مخطط الترفيف | Dewey Decimal Classification |
| حالة التراجع | حالة الفقد | مصدر التصنيف او خطة الترفيف | حالة تلف | ليس للاعارة | مجموعات كوها | المكان الدائم | المكان الحالي | موقع الترفيف | تاريخ الاكتساب | Source of acquisition | رقم الاستدعاء | الباركود | Date last seen | مُعار | التكلفة | نوع الوعاء |
|---|---|---|---|---|---|---|---|---|---|---|---|---|---|---|---|---|
| Dewey Decimal Classification | Central Library | Central Library | First floor | 08/02/2011 | 607.2 أ ب ل | 000009651 | 15/07/2025 | 05/11/2008 | 98.00 | Book - Borrowing |